Príspevok na športovú činnosť dieťaťa zamestnanca
Novela Zákonníka práce nadviazala na pôvodne platnú legislatívu, ktorá umožňovala zamestnávateľom poskytovať príspevok na športovú činnosť dieťaťa zamestnanca. Novela zaviedla príspevok ako záväzný, čo má za cieľ zvýšiť počet detí zapojených do pravidelných športových aktivít.
Gespeichert in:
| 1. Verfasser: | |
|---|---|
| Format: | Buchkapitel |
| Sprache: | Slowakisch |
| Schlagworte: | |
| Tags: |
Keine Tags, Fügen Sie das erste Tag hinzu!
|
MARC
| LEADER | 00000naa a2200000 4500 | ||
|---|---|---|---|
| 001 | 0307342 | ||
| 005 | 20250307122823.2 | ||
| 041 | 0 | |a slo | |
| 044 | |a SK | ||
| 245 | 1 | 0 | |a Príspevok na športovú činnosť dieťaťa zamestnanca |c Sandra Mrukviová Tomiová |
| 520 | |a Novela Zákonníka práce nadviazala na pôvodne platnú legislatívu, ktorá umožňovala zamestnávateľom poskytovať príspevok na športovú činnosť dieťaťa zamestnanca. Novela zaviedla príspevok ako záväzný, čo má za cieľ zvýšiť počet detí zapojených do pravidelných športových aktivít. | ||
| 610 | 2 | 0 | |a šport |
| 610 | 2 | 0 | |a deti |
| 610 | 2 | 0 | |a zamestnanci |
| 610 | 2 | 0 | |a zamestnávatelia |
| 610 | 2 | 0 | |a právo pracovné |
| 610 | 2 | 0 | |a zákonník práce |
| 610 | 2 | 0 | |a novelizácia |
| 100 | 1 | |a Mrukviová Tomiová, Sandra | |